000 00623nam a2200241Ia 4500
003 OSt
005 20220918211608.0
006 a|||||r|||| 00| 0
007 ta
008 220917b |||||||| |||| 00| 0 eng d
024 _a124,954
037 _cTextual
040 _aARTS
_cARTS
_beng
041 _2eng
_aeng
082 _aW,8, L5
100 _aHenry N
_9121039
245 0 _aPublic administration and public affair
260 _aEnglewood
_bPrentice Hall
_c1975
300 _axviii, 380p.
_ccm.
650 _aPOLITICAL SCIENCE
942 _hW,8, L5
_cTEXL
_2CC
999 _c248139
_d248139